[Event "Moscow Open A 2015"]
[Site "Moscow RUS"]
[Date "2015.02.05"]
[Round "6.54"]
[White "Morgunov, Anatoly"]
[Black "Zaitsev, Alexander"]
[Result "0-1"]
[WhiteTitle "FM"]
[BlackTitle "IM"]
[WhiteElo "2330"]
[BlackElo "2472"]
[WhiteFideId "4145909"]
[BlackFideId "4164490"]
[EventDate "2015.01.31"]

1. d4 Nf6 2. c4 e6 3. Nc3 Bb4 4. e3 b6 5. Ne2 Ba6 6. a3 Bxc3+ 7. Nxc3 d5 8. Qf3
O-O 9. cxd5 exd5 10. Bxa6 Nxa6 11. O-O c6 12. b3 Nc7 13. Bb2 Re8 14. Rfe1 Qd7
15. Rac1 Ne6 16. Qf5 Qd6 17. Rcd1 Rac8 18. h3 h6 19. Qe5 Qd7 20. Qf5 Qd6 21. Qe5
Qf8 22. Qh2 Rc7 23. Nb1 Ng5 24. h4 Ngh7 25. Qh3 h5 26. Nd2 Ng4 27. e4 dxe4 28.
Nxe4 Rce7 29. f3 Ngf6 30. Nxf6+ Nxf6 31. Qg3 Re2 32. Bc1 Qe7 33. Rf1 Nd5 34. Qg5
Qd6 35. Rf2 Nc3 36. Rxe2 Rxe2 37. Bf4 Qe6 38. Rc1 Nd5 39. Bd2 f6 40. Qxh5 Rxd2
41. Qg4 Qxg4 42. fxg4 Ne7 43. Rc4 Kf7 44. Kh2 Ke6 45. Ra4 a5 0-1

[Event "Moscow Open A 2015"]
[Site "Moscow RUS"]
[Date "2015.02.05"]
[Round "6.55"]
[White "Munguntuul, Batkhuyag"]
[Black "Kozlitin, Oleg"]
[Result "1/2-1/2"]
[WhiteTitle "IM"]
[BlackTitle "IM"]
[WhiteElo "2433"]
[BlackElo "2329"]
[WhiteFideId "4900758"]
[BlackFideId "4143590"]
[EventDate "2015.01.31"]

1. e4 e6 2. d4 d5 3. Nc3 Be7 4. Bd3 dxe4 5. Nxe4 Nf6 6. Ne2 Nbd7 7. O-O e5 8. c3
O-O 9. Qc2 Nxe4 10. Bxe4 g6 11. Rd1 Bd6 12. c4 exd4 13. Nxd4 Qf6 14. Be3 Bf4 15.
Bxf4 Qxf4 16. Ne2 Qg5 17. Qc3 Nf6 18. Bf3 Bg4 19. Ng3 Rae8 20. h3 Bxf3 21. Qxf3
c6 22. Rd6 Kg7 23. Rad1 Qe5 24. R6d4 Qa5 25. Rd6 Qe5 26. R6d4 Qa5 1/2-1/2

[Event "Moscow Open A 2015"]
[Site "Moscow RUS"]
[Date "2015.02.05"]
[Round "6.56"]
[White "Tutisani, Noe"]
[Black "Pourramezanali, Amirreza"]
[Result "0-1"]
[BlackTitle "IM"]
[WhiteElo "2308"]
[BlackElo "2432"]
[WhiteFideId "13602853"]
[BlackFideId "12511412"]
[EventDate "2015.01.31"]

1. e4 e6 2. d4 d5 3. Nd2 Be7 4. Ngf3 Nf6 5. e5 Nfd7 6. Bd3 c5 7. c3 Nc6 8. O-O
a5 9. a4 cxd4 10. cxd4 Nb4 11. Bb5 O-O 12. Nb1 Nb6 13. Nc3 Bd7 14. b3 Rc8 15.
Bd2 Bxb5 16. Nxb5 Qd7 17. Rc1 Rc6 18. Na7 Rxc1 19. Qxc1 Na8 20. Nb5 Rc8 21. Qb1
Nc7 22. Nxc7 Rxc7 23. Rc1 Rc6 24. Rxc6 Qxc6 25. Qc1 Nc2 26. Bg5 Ba3 27. Qd2 Bb4
28. Qf4 Qc3 29. h4 Qxb3 30. Bf6 Qd3 31. h5 Qf5 32. Qg3 Bf8 33. h6 g6 34. Bd8
Bxh6 35. Qh4 Qf4 36. Qe7 Nxd4 37. Qe8+ Bf8 38. Ng5 Nc6 39. g3 Qc1+ 40. Kg2 Nxd8
41. Qxd8 Qc5 42. Nf3 Qb4 43. Qe8 h6 0-1

[Event "Moscow Open A 2015"]
[Site "Moscow RUS"]
[Date "2015.02.05"]
[Round "6.57"]
[White "Seliverstov, Vladimir"]
[Black "Gerasimov, Ivan"]
[Result "1/2-1/2"]
[WhiteTitle "FM"]
[BlackTitle "FM"]
[WhiteElo "2432"]
[BlackElo "2327"]
[WhiteFideId "4192036"]
[BlackFideId "4196562"]
[EventDate "2015.01.31"]

1. d4 Nf6 2. c4 e6 3. g3 Bb4+ 4. Bd2 c5 5. Bxb4 cxb4 6. Bg2 O-O 7. Nf3 d6 8. O-O
a5 9. a3 Na6 10. Nbd2 Qc7 11. e3 Rd8 12. Qb1 h6 13. Rc1 b6 14. Ne4 Nxe4 15. Qxe4
Bb7 16. Qf4 Re8 17. g4 e5 18. Qg3 Rad8 19. g5 hxg5 20. Nxg5 Bxg2 21. Qxg2 Qe7
22. Kh1 bxa3 23. bxa3 exd4 24. exd4 d5 25. Rg1 Rd6 26. cxd5 Nc7 27. Qh3 Rh6 28.
Qf5 Rd8 29. Rac1 Nxd5 30. Rc8 Rxc8 31. Qxc8+ Qf8 32. Qf5 Ne7 33. Qd7 Qb8 34. h3
Kf8 35. Qg4 Qc8 36. Qf4 Qf5 37. Qb8+ Qc8 38. Qf4 Qf5 39. Qb8+ Qc8 40. Qf4 1/2-1/2

[Event "Moscow Open A 2015"]
[Site "Moscow RUS"]
[Date "2015.02.05"]
[Round "6.58"]
[White "Duzhakov, Ilya"]
[Black "Murtazin, Bulat"]
[Result "1-0"]
[WhiteTitle "FM"]
[BlackTitle "FM"]
[WhiteElo "2420"]
[BlackElo "2326"]
[WhiteFideId "4192516"]
[BlackFideId "24151351"]
[EventDate "2015.01.31"]

1. d4 d5 2. c4 e6 3. Nf3 Nf6 4. Nc3 Be7 5. Bf4 O-O 6. a3 b6 7. e3 Bb7 8. cxd5
exd5 9. Bd3 c5 10. Rc1 Nbd7 11. dxc5 bxc5 12. O-O Rc8 13. Bf5 Ra8 14. Re1 Nb6
15. Nb5 Ne8 16. a4 a6 17. Nc3 Nd6 18. Bb1 a5 19. b3 Re8 20. h4 Qd7 21. h5 Rad8
22. Ng5 h6 23. Nf3 Qg4 24. Qc2 Bf6 25. Qh7+ Kf8 26. Ne2 d4 27. Nexd4 Bxd4 28.
exd4 Re6 29. Bg3 Bxf3 30. gxf3 Qxd4 31. Rcd1 Nb7 32. Qh8+ Ke7 33. Rxe6+ Kxe6 34.
Re1+ Kd7 35. Qh7 Nd6 36. Bc2 Nbc8 37. Rd1 Qc3 38. Bf5+ Kc6 39. Bxc8 Qxf3 40. Qd3
Qxd3 41. Rxd3 1-0

[Event "Moscow Open A 2015"]
[Site "Moscow RUS"]
[Date "2015.02.05"]
[Round "6.59"]
[White "Nikologorskiy, Konstantin"]
[Black "Manakova, Maria"]
[Result "1-0"]
[WhiteTitle "FM"]
[BlackTitle "WGM"]
[WhiteElo "2414"]
[BlackElo "2318"]
[WhiteFideId "24111708"]
[BlackFideId "927007"]
[EventDate "2015.01.31"]

1. c4 e5 2. Nc3 d6 3. Nf3 f5 4. d4 e4 5. Ng5 Be7 6. Nh3 Be6 7. Nf4 Bf7 8. g4
fxg4 9. Bg2 c6 10. Nxe4 g5 11. Nd3 Bxc4 12. Qc2 Bf7 13. O-O h6 14. Ng3 Nd7 15.
b4 a6 16. e4 Bg6 17. Bb2 Ngf6 18. Qb3 Bf7 19. Qd1 O-O 20. e5 dxe5 21. dxe5 Nd5
22. Nf5 Bg6 23. Nxh6+ Kh7 24. Nxg4 Nf4 25. Nxf4 Rxf4 26. h3 Nb6 27. a3 Nc4 28.
Bc3 Qc7 29. Qe2 Rd8 30. Rad1 Nxa3 31. e6 Qc8 32. Qe5 Rg8 33. Rd7 Qf8 34. Nf6+
Rxf6 1-0

[Event "Moscow Open A 2015"]
[Site "Moscow RUS"]
[Date "2015.02.05"]
[Round "6.60"]
[White "Savitskiy, Sergey"]
[Black "Sadikhov, Ulvi"]
[Result "1/2-1/2"]
[WhiteTitle "FM"]
[BlackTitle "FM"]
[WhiteElo "2325"]
[BlackElo "2414"]
[WhiteFideId "24105660"]
[BlackFideId "13401416"]
[EventDate "2015.01.31"]

1. e4 d6 2. d4 Nf6 3. Nc3 e5 4. Nf3 Nbd7 5. Bc4 Be7 6. O-O O-O 7. Re1 c6 8. a4
a5 9. h3 Nb6 10. Ba2 Nfd7 11. Be3 exd4 12. Bxd4 Nc5 13. Bxc5 dxc5 14. Qe2 Qd6
15. Rad1 Qh6 16. Nd2 Qg5 17. Kh1 Be6 18. Nc4 Nxc4 19. Bxc4 Rad8 20. f4 Bxc4 21.
Qxc4 Qg3 22. Qf1 Bh4 23. e5 Qg6 24. Re2 Rxd1 25. Qxd1 Qf5 26. Re4 Rd8 27. Qe2
Rd4 28. Rxd4 cxd4 29. Qe4 Qd7 30. Ne2 c5 31. b3 g6 32. g4 b5 33. f5 bxa4 34. e6
fxe6 35. fxe6 Qe8 36. bxa4 Qxa4 37. Qa8+ Kg7 38. Qb7+ Kh6 39. Qf3 Qe8 40. Qf4+
Bg5 41. Qe5 Qc6+ 42. Kh2 Qf3 43. e7 Qf2+ 44. Kh1 Qf3+ 45. Kh2 Qf2+ 1/2-1/2

[Event "Moscow Open A 2015"]
[Site "Moscow RUS"]
[Date "2015.02.05"]
[Round "6.61"]
[White "Nozdrachev, Leonid"]
[Black "Afanasiev, Nikita"]
[Result "1/2-1/2"]
[WhiteTitle "FM"]
[BlackTitle "FM"]
[WhiteElo "2413"]
[BlackElo "2264"]
[WhiteFideId "24113433"]
[BlackFideId "24183555"]
[EventDate "2015.01.31"]

1. e4 b6 2. d4 Bb7 3. Bd3 e6 4. Nf3 g6 5. O-O Bg7 6. c4 d6 7. Nc3 Nd7 8. Rb1 Ne7
9. Be3 c5 10. Nb5 Qb8 11. b4 a6 12. Nc3 Nc6 13. bxc5 dxc5 14. Bc2 O-O 15. Na4
cxd4 16. Nxd4 Nce5 17. Nf3 Rd8 18. Qe2 b5 19. cxb5 axb5 20. Qxb5 Qc8 21. Rfc1
Bc6 22. Qe2 Qa6 23. Qxa6 Rxa6 24. Nb6 Rxa2 25. Bb3 Ra6 26. Nxe5 Nxe5 27. f3 Be8
28. Bd1 Bf8 29. Be2 Ra2 30. Kf1 Nc6 31. h4 h6 32. Bb5 Nb8 33. Bc4 Ra3 34. Bf4
Nc6 35. Bb5 Nd4 36. Bxe8 Rxe8 37. Nd7 Bg7 38. Be5 Nb3 39. Rd1 Na5 40. Nf6+ Bxf6
41. Bxf6 e5 42. Rd7 Nb3 43. Rd5 Ra6 44. Bxe5 Rxe5 45. Rd8+ Kg7 46. Rxb3 Ra2 47.
Re3 Rc5 48. Re2 Rcc2 49. Rxc2 Rxc2 50. Kg1 Kf6 51. Rd6+ Ke5 52. Ra6 h5 53. Kh2
Rb2 54. Kg3 Rc2 55. Ra5+ Kf6 56. Rg5 Rc4 57. Kf4 Rc1 58. Rd5 Rh1 59. g3 Rf1 60.
Rd6+ Kg7 61. e5 Re1 62. Rd5 Re2 63. Rd3 Ra2 64. Ke4 Ra4+ 65. Rd4 Ra3 66. Rc4 Rb3
67. Kf4 Ra3 68. Rc7 Ra4+ 69. Kg5 Ra3 70. Kf4 Ra4+ 71. Ke3 Ra5 72. Kd4 Kf8 73.
Rc5 Ra6 74. Rc7 Ra5 75. f4 Ra1 76. e6 Rd1+ 77. Ke3 1/2-1/2

[Event "Moscow Open A 2015"]
[Site "Moscow RUS"]
[Date "2015.02.05"]
[Round "6.62"]
[White "Zhurikhin, Alexander"]
[Black "Simonian, Tigran"]
[Result "1/2-1/2"]
[WhiteTitle "FM"]
[BlackTitle "IM"]
[WhiteElo "2314"]
[BlackElo "2412"]
[WhiteFideId "4139569"]
[BlackFideId "13303597"]
[EventDate "2015.01.31"]

1. e4 c5 2. Nf3 Nc6 3. Bb5 g6 4. O-O Bg7 5. Nc3 d6 6. e5 Bg4 7. exd6 exd6 8. d4
cxd4 9. Nd5 Nf6 10. Re1+ Kf8 11. h3 Nxd5 12. hxg4 h5 13. g5 h4 14. Bxc6 bxc6 15.
Nxd4 Qd7 16. c4 Nb6 17. Bf4 Kg8 18. Rc1 h3 19. g3 Kh7 20. b3 Rad8 21. Nf3 c5 22.
a4 Qb7 23. a5 Nc8 24. Qd5 Qxb3 25. Nd2 Qa3 26. Qxf7 Rhf8 27. Qb7 Qa4 28. Re6 d5
29. Qb1 Rf5 30. Rxg6 Kxg6 31. g4 Ne7 32. gxf5+ Nxf5 33. Nf3 Rh8 34. Re1 Qd7 35.
Re5 dxc4 36. Kh2 Qd3 37. Qxd3 cxd3 38. Rxc5 Ne7 39. Be3 a6 40. Rc7 Nd5 41. Rxg7+
Kxg7 42. Bd4+ Kh7 43. Bxh8 Kxh8 44. Kxh3 Nb4 45. Kg4 Nc6 46. Kf4 Nxa5 47. Ke3
Nc4+ 48. Kxd3 Nd6 49. Kd4 Kg7 50. Ke5 Nf7+ 51. Kf5 Nd6+ 52. Ke5 Nf7+ 53. Ke6 a5
54. Kd5 Kg6 55. Ne5+ Nxe5 56. Kxe5 a4 57. Kd4 1/2-1/2

[Event "Moscow Open A 2015"]
[Site "Moscow RUS"]
[Date "2015.02.05"]
[Round "6.63"]
[White "Rakhimgaliyev, Yerlan"]
[Black "Schroeder, Jan-Christian"]
[Result "0-1"]
[WhiteTitle "FM"]
[BlackTitle "FM"]
[WhiteElo "2302"]
[BlackElo "2405"]
[WhiteFideId "13705148"]
[BlackFideId "24662259"]
[EventDate "2015.01.31"]

1. b3 d5 2. Bb2 Nf6 3. Nf3 c5 4. e3 Nc6 5. Bb5 e6 6. Ne5 Qc7 7. O-O Bd6 8. f4
O-O 9. Bxc6 bxc6 10. Rf3 Rd8 11. Rh3 d4 12. exd4 Bf8 13. d3 cxd4 14. Nd2 c5 15.
Qe1 Bb7 16. Qh4 h6 17. Rf1 Nd7 18. Ndf3 Nxe5 19. Nxe5 f6 20. Ng6 Bd6 21. f5 exf5
22. Bc1 Re8 23. Bf4 Re2 24. Rg3 Rae8 25. Bxd6 Qxd6 26. Nf4 R2e3 27. Rg6 Kh7 28.
Qh5 Qd7 29. Rg3 Rxg3 30. hxg3 Re3 31. Qg6+ Kg8 32. Nh5 Qf7 33. Qxf5 Re5 34. Qxe5
fxe5 35. Rxf7 Kxf7 36. g4 e4 37. Ng3 e3 38. Nf5 Kf6 39. b4 cxb4 40. Nxd4 Ke5 41.
Nf5 Kf4 42. Nxg7 Bd5 43. Nf5 Bxa2 44. Ne7 a5 45. d4 a4 46. Nc6 b3 47. Nb4 Ke4 0-1

[Event "Moscow Open A 2015"]
[Site "Moscow RUS"]
[Date "2015.02.05"]
[Round "6.64"]
[White "Tologontegin, Semetey"]
[Black "Galoyan, Levon"]
[Result "0-1"]
[WhiteTitle "FM"]
[BlackTitle "FM"]
[WhiteElo "2404"]
[BlackElo "2256"]
[WhiteFideId "13800574"]
[BlackFideId "13302027"]
[EventDate "2015.01.31"]

1. e4 c5 2. Nf3 d6 3. d4 cxd4 4. Qxd4 Nc6 5. Bb5 Bd7 6. Bxc6 Bxc6 7. Nc3 Nf6 8.
Bg5 e6 9. O-O-O Be7 10. Rhe1 O-O 11. Qd2 a6 12. Nd4 Rc8 13. f3 b5 14. Be3 Bb7
15. Nb3 Qc7 16. g4 Nd7 17. Qf2 b4 18. Na4 Bh4 19. Qd2 Bxe1 20. Rxe1 Bc6 21. Nd4
Bxa4 22. Bh6 gxh6 23. Qxh6 Bxc2 24. f4 Qc5 25. Nf5 Bxe4+ 26. Kd2 Qf2+ 27. Re2
Rc2+ 0-1

[Event "Moscow Open A 2015"]
[Site "Moscow RUS"]
[Date "2015.02.05"]
[Round "6.65"]
[White "Kardashevskiy, Evgeny"]
[Black "Svetlov, Dmitry"]
[Result "1-0"]
[BlackTitle "FM"]
[WhiteElo "2236"]
[BlackElo "2396"]
[WhiteFideId "24108138"]
[BlackFideId "24102610"]
[EventDate "2015.01.31"]

1. d4 d5 2. c4 e6 3. Nc3 c6 4. cxd5 exd5 5. Nf3 Bf5 6. Bf4 Qb6 7. Qd2 Nf6 8. a3
Nbd7 9. e3 a5 10. h3 Be7 11. Be2 O-O 12. O-O Rfe8 13. Rfc1 Bf8 14. Na4 Qd8 15.
b4 Ne4 16. Qe1 b5 17. Nc5 g5 18. Bh2 Nexc5 19. bxc5 Bg7 20. Qd1 Re6 21. Bd3 Be4
22. Bxe4 Rxe4 23. Nd2 Re6 24. Qg4 a4 25. Ra2 h6 26. Nf1 Nf6 27. Qf5 Qd7 28. Ng3
Rae8 29. Rac2 Qc8 30. Qf3 Ne4 31. Nf5 Qd8 32. g4 Qa5 33. Qd1 Ra8 34. f3 Nf6 35.
Rb1 Ne8 36. Qd3 Bf8 37. Bg3 Ng7 38. h4 Rae8 39. Be5 gxh4 40. Rh2 Qd8 41. Rbb2
Nxf5 42. gxf5 Rxe5 43. dxe5 Rxe5 44. Rbg2+ Kh8 45. Qd4 Qf6 46. Rxh4 Kh7 47. Rhg4
Qxf5 48. f4 Qb1+ 49. Kf2 h5 50. Qxe5 hxg4 51. Qh5+ Kg7 52. Rxg4+ Kf6 53. Qe5# 1-0

[Event "Moscow Open A 2015"]
[Site "Moscow RUS"]
[Date "2015.02.05"]
[Round "6.66"]
[White "Klukin, Kirill"]
[Black "Gevorgyan, David"]
[Result "1-0"]
[WhiteElo "2225"]
[BlackElo "2395"]
[WhiteFideId "24199273"]
[BlackFideId "13303244"]
[EventDate "2015.01.31"]

1. d4 Nf6 2. Nf3 b6 3. g3 Bb7 4. Bg2 g6 5. O-O Bg7 6. b3 O-O 7. Bb2 c5 8. Nbd2
d6 9. c4 e6 10. Qc2 Nc6 11. Rad1 Qe7 12. e4 e5 13. d5 Nd4 14. Bxd4 cxd4 15. Ne1
h5 16. Nd3 h4 17. Rfe1 hxg3 18. hxg3 Rac8 19. b4 Rc7 20. Qb3 Bc8 21. a4 Bh6 22.
Nf3 Nd7 23. Bh3 Ba6 24. Nb2 Rfc8 25. Bf1 Kg7 26. Ra1 Qf6 27. Kg2 Rh8 28. Be2 Bc8
29. Rh1 a5 30. Nd3 Ba6 31. b5 Bc8 32. Rh2 Qe7 33. Nfe1 Nf6 34. Bf3 Qf8 35. Nc2
Bd2 36. Rxh8 Qxh8 37. Rh1 Qf8 38. Nc1 Bd7 39. Qd3 Bg5 40. Nb3 Qc8 41. Na3 Qb8
42. Qe2 Rc8 43. Qd1 Rh8 44. Rxh8 Kxh8 45. Qe2 Kg7 46. Kg1 Qc7 47. Nc2 Ne8 48.
Ne1 Qc8 49. Bg2 f5 50. Nf3 Bh6 51. exf5 Bxf5 52. Nh4 Nf6 53. Nxd4 exd4 54. Qe7+
Kg8 55. Qxf6 Bg7 56. Qxd6 Qxc4 57. Nxf5 gxf5 58. Qe6+ Kh8 59. Qxf5 Qxa4 60. d6
Qd1+ 61. Kh2 Qc1 62. d7 Qh6+ 63. Bh3 Bf6 64. Qe6 Kg7 65. d8=Q Bxd8 66. Qd7+ Kg6
67. Qxd8 Qd2 68. Qxb6+ Kg7 69. Kg2 d3 70. Qd4+ Kg6 71. b6 Qc2 72. Qe4+ Kh5 73.
Qh7+ Kg5 74. Qg7+ Kh5 75. Bg4# 1-0

[Event "Moscow Open A 2015"]
[Site "Moscow RUS"]
[Date "2015.02.05"]
[Round "6.67"]
[White "Vokhidov, Shamsiddin"]
[Black "Martirosyan, Haik M."]
[Result "1/2-1/2"]
[BlackTitle "FM"]
[WhiteElo "2218"]
[BlackElo "2389"]
[WhiteFideId "14204223"]
[BlackFideId "13306553"]
[EventDate "2015.01.31"]

1. e4 c5 2. Nf3 Nc6 3. Bb5 e6 4. O-O Nge7 5. Re1 a6 6. Bxc6 Nxc6 7. d4 cxd4 8.
Nxd4 Qc7 9. Nc3 Nxd4 10. Qxd4 f6 11. e5 f5 12. Na4 b5 13. Nb6 Rb8 14. Be3 f4 15.
Nxc8 fxe3 16. Nd6+ Bxd6 17. Qxd6 exf2+ 18. Kxf2 Qxd6 19. exd6 O-O+ 20. Ke3 Rb6
21. Rad1 Rf5 22. Rd3 Re5+ 23. Kd2 Rxe1 24. Kxe1 Rc6 25. c3 Rc5 26. Kd2 Kf7 27.
b4 Rf5 28. Ke2 Re5+ 29. Kd2 Kf6 30. g4 Rd5 31. Rxd5 exd5 32. Ke3 Ke5 33. h4 g6
34. g5 Kxd6 35. Kd3 Ke5 36. Ke3 d4+ 37. cxd4+ Kf5 38. Kf3 d6 39. Ke3 Kg4 40. Ke4
Kxh4 41. Kd5 Kxg5 42. Kxd6 h5 43. d5 h4 44. Ke5 h3 45. d6 h2 46. d7 h1=Q 47.
d8=Q+ Kg4 48. Qc8+ 1/2-1/2

[Event "Moscow Open A 2015"]
[Site "Moscow RUS"]
[Date "2015.02.05"]
[Round "6.68"]
[White "Kalashnikov, Konstantin"]
[Black "Ovchinnikov, Vsevolod"]
[Result "1/2-1/2"]
[WhiteTitle "IM"]
[BlackTitle "FM"]
[WhiteElo "2380"]
[BlackElo "2249"]
[WhiteFideId "4136004"]
[BlackFideId "24176842"]
[EventDate "2015.01.31"]

1. d4 Nf6 2. c4 g6 3. Nc3 d5 4. Nf3 Bg7 5. cxd5 Nxd5 6. Bd2 O-O 7. Rc1 Nc6 8. e3
Bg4 9. h3 Bxf3 10. Qxf3 Nb6 11. Bb5 e5 12. Bxc6 bxc6 13. dxe5 Nc4 14. Qe2 Nxb2
15. O-O Nd3 16. Rc2 Nxe5 17. Na4 Qd5 18. Bc3 Qb5 19. Bxe5 Bxe5 20. Qc4 Rfd8 21.
Qxc6 Bh2+ 22. Kxh2 Qxf1 23. Nc3 Qd3 24. Ne4 Qa3 25. Qf6 Rdc8 26. Rc5 Qxa2 27.
Qc3 Qe6 28. Nf6+ Kf8 29. Rc6 Qf5 30. Nxh7+ Kg8 31. Nf6+ Kf8 32. f4 Rd8 33. Ng4
Rac8 34. Rc5 Qe6 35. Qh8+ Ke7 36. Qh4+ Kd7 37. Ne5+ Ke8 38. Nc6 Kd7 39. Nd4 Qd6
40. Qg4+ f5 41. Nxf5 Qxc5 42. Nd4+ Ke7 43. Qe6+ Kf8 44. Qf6+ Ke8 45. Qxg6+ Ke7
46. Qe6+ Kf8 47. Nf5 c6 48. Qf6+ Ke8 49. Qe6+ 1/2-1/2

[Event "Moscow Open A 2015"]
[Site "Moscow RUS"]
[Date "2015.02.05"]
[Round "6.69"]
[White "Faizrakhmanov, Ramil"]
[Black "Kuprijanov, Anatoly"]
[Result "0-1"]
[WhiteTitle "FM"]
[WhiteElo "2371"]
[BlackElo "2248"]
[WhiteFideId "24103209"]
[BlackFideId "24141143"]
[EventDate "2015.01.31"]

1. c4 e6 2. d4 Nf6 3. Nf3 d5 4. Nc3 dxc4 5. g3 a6 6. Bg2 b5 7. Ne5 Ra7 8. e4 Bb7
9. Be3 Ra8 10. O-O c5 11. a4 cxd4 12. Bxd4 b4 13. Na2 Nc6 14. Nxc6 Bxc6 15. Re1
Qd7 16. Bxf6 Qxd1 17. Raxd1 gxf6 18. Rc1 Bxa4 19. e5 Rb8 20. exf6 Bb5 21. Bf1 c3
22. bxc3 b3 23. Bxb5+ Rxb5 24. c4 Rb6 25. Rb1 Bc5 26. Nc3 Bd4 27. Nd5 Rb7 28.
Re4 Bc5 29. Nc3 Kd7 30. Na4 Kc6 31. Re5 Bd4 32. Ra5 Ra8 33. Kf1 Rb4 34. Ke2 Bxf6
35. Nb2 Bxb2 36. Rxb2 Kb6 37. Ra3 Kc5 38. Rbxb3 Rxb3 39. Rxb3 Kxc4 40. Rb7 a5
41. Kd2 a4 42. Kc2 a3 43. Kb1 f5 44. Ka2 h5 45. Re7 Kd5 46. Rd7+ Ke4 47. Rd6 Ke5
48. Rd3 Ra4 49. f4+ Kf6 50. Rxa3 Rxa3+ 51. Kxa3 e5 52. Kb4 e4 53. Kc4 h4 54. Kd4
h3 55. Kc3 Ke7 56. Kc4 Ke6 57. Kd4 Kd6 58. Kc4 Kc6 59. Kd4 Kb5 60. Ke3 Kc5 61.
g4 fxg4 0-1

[Event "Moscow Open A 2015"]
[Site "Moscow RUS"]
[Date "2015.02.05"]
[Round "6.70"]
[White "Komissarov, Alexey"]
[Black "Smirnov, Timofey"]
[Result "1/2-1/2"]
[WhiteElo "2205"]
[BlackElo "2358"]
[WhiteFideId "4176545"]
[BlackFideId "24176427"]
[EventDate "2015.01.31"]

1. d4 Nf6 2. c4 e6 3. g3 d5 4. Nf3 Bb4+ 5. Bd2 Be7 6. Bg2 O-O 7. O-O c6 8. Qb3
b6 9. Nc3 Nbd7 10. Rac1 Bb7 11. cxd5 exd5 12. Nh4 Re8 13. Nf5 Bf8 14. Bf4 Re6
15. Rfe1 Nh5 16. Bd2 g6 17. Bf3 gxf5 18. Bxh5 Nf6 19. Bg5 Be7 20. Bxf6 Bxf6 21.
e3 Bg7 22. Ne2 Bh6 23. Qd3 Qf6 24. Bf3 Rae8 25. Bg2 Bc8 26. Rc3 Qg6 27. Bh3 Rd6
28. Rec1 Qh5 29. Bg2 Qg6 30. Qc2 Bb7 31. Bh3 Rf6 32. Ra3 Ra8 33. Nf4 Bxf4 34.
exf4 Qh5 35. Bf1 Rh6 36. h4 Qg4 37. Kh2 Bc8 38. Bh3 Qg7 39. Qd2 Rd6 40. Re1 Re6
41. Rae3 Re4 42. f3 Qxd4 43. Qxd4 Rxd4 44. Re8+ Kg7 45. R8e7 Rd2+ 46. Kg1 Rxb2
47. Rc7 Rxa2 48. Ree7 Ra1+ 49. Kf2 Ra2+ 50. Ke1 Kg8 51. Re8+ Kg7 1/2-1/2

[Event "Moscow Open A 2015"]
[Site "Moscow RUS"]
[Date "2015.02.05"]
[Round "6.71"]
[White "Rodchenkov, Vitaly"]
[Black "Sargsyan, Shant"]
[Result "0-1"]
[WhiteTitle "FM"]
[BlackTitle "CM"]
[WhiteElo "2356"]
[BlackElo "2172"]
[WhiteFideId "4152964"]
[BlackFideId "13306766"]
[EventDate "2015.01.31"]

1. e4 c5 2. Nf3 d6 3. d4 cxd4 4. Nxd4 Nf6 5. Nc3 Nc6 6. f3 e5 7. Nb3 Be7 8. Be3
O-O 9. Qd2 Be6 10. O-O-O a5 11. Kb1 Qb8 12. g4 d5 13. g5 Nxe4 14. fxe4 d4 15.
Nd5 dxe3 16. Qxe3 a4 17. Nxe7+ Nxe7 18. Nc5 Qa7 19. Qa3 Bg4 20. Re1 Nc6 21. Bc4
Nd4 22. h3 Bh5 23. Bd5 Rac8 24. Nd7 Nxc2 25. Qg3 Nxe1 26. Nxf8 Nf3 27. g6 Rxf8
28. gxf7+ Kh8 29. Rc1 Qe3 30. Rc3 Qe2 31. a3 Nd2+ 32. Ka2 Nxe4 0-1

[Event "Moscow Open A 2015"]
[Site "Moscow RUS"]
[Date "2015.02.05"]
[Round "6.72"]
[White "Litvinov, Maxim"]
[Black "Kazakovskiy, Valeriy"]
[Result "1/2-1/2"]
[WhiteElo "2192"]
[BlackElo "2354"]
[WhiteFideId "24157449"]
[BlackFideId "13507443"]
[EventDate "2015.01.31"]

1. c4 Nf6 2. g3 e6 3. Bg2 d5 4. cxd5 exd5 5. Nf3 Be7 6. O-O O-O 7. d3 c5 8. Nc3
d4 9. Ne4 Nxe4 10. dxe4 Nc6 11. Bf4 Be6 12. b3 b5 13. Qd2 Qb6 14. e3 Rfd8 15.
exd4 Nxd4 16. Nxd4 Rxd4 17. Qc2 Rdd8 18. Be3 Rac8 19. Rfd1 Qc7 20. Bf4 Qb7 21.
Be5 c4 22. bxc4 Rxd1+ 23. Rxd1 Rxc4 24. Qd2 Rc8 25. Bd6 Bxd6 26. Qxd6 g6 27. a3
a5 28. e5 Qa7 29. Bc6 Qb8 30. Bd5 Bxd5 31. Qxd5 Re8 32. Qd6 Qb7 33. Re1 Qc8 34.
Qd5 Qc3 35. Re3 Qc4 36. Qxc4 bxc4 37. Kf1 Rb8 38. Rc3 Rb5 39. f4 Rb3 40. Rxc4
Rxa3 41. Kg2 Ra2+ 42. Kh3 a4 1/2-1/2

[Event "Moscow Open A 2015"]
[Site "Moscow RUS"]
[Date "2015.02.05"]
[Round "6.73"]
[White "Bykov, Egor"]
[Black "Shtembuliak, Evgeny"]
[Result "1/2-1/2"]
[BlackTitle "FM"]
[WhiteElo "2109"]
[BlackElo "2352"]
[WhiteFideId "34115290"]
[BlackFideId "14113325"]
[EventDate "2015.01.31"]

1. d4 g6 2. Nf3 Bg7 3. c3 d6 4. Bg5 h6 5. Bh4 g5 6. Bg3 f5 7. e3 Nf6 8. Bc4 e6
9. Nbd2 Qe7 10. Qe2 Nc6 11. O-O-O Bd7 12. Ne1 e5 13. dxe5 dxe5 14. f3 O-O-O 15.
e4 Nh5 16. Bf2 g4 17. Nd3 Nf4 18. Nxf4 exf4 19. exf5 Qxe2 20. Bxe2 gxf3 21. Bxf3
Ne5 22. Be4 Rhf8 23. Bh4 Rde8 24. Rdf1 Rxf5 25. Bxf5 Bxf5 26. Nb3 f3 27. gxf3
Nd3+ 28. Kd2 Nxb2 29. Nd4 Nc4+ 30. Kc1 Bh7 31. Re1 Ne5 32. Re2 c5 33. f4 cxd4
34. fxe5 dxc3 35. Rhe1 Re6 36. Re3 c2 37. R1e2 b5 38. Bf6 Bf8 39. Rc3+ Kb7 40.
Rd2 Kb6 41. Rd7 Be4 42. Bh4 b4 43. Bf2+ Kb5 44. Rcc7 a5 45. Rf7 Re8 46. Kb2 Ka4
47. Bc5 Bxc5 48. Rxc5 Bd3 49. Ra7 Bb5 50. Kxc2 Rg8 51. Rd5 Rg5 52. Rc7 Rg2+ 53.
Rd2 Rg4 54. Rc5 Bc4 55. Kb2 Re4 56. Rf2 h5 57. e6 Bxe6 58. Rxh5 Re3 59. h4 Ra3
60. Kb1 Rh3 61. Re5 Bc4 62. h5 b3 63. axb3+ Kxb3 64. Rb2+ Kc3 65. Rc2+ Kd4 66.
Rxa5 Bd3 1/2-1/2

[Event "Moscow Open A 2015"]
[Site "Moscow RUS"]
[Date "2015.02.05"]
[Round "6.74"]
[White "Galaktionov, Artem"]
[Black "Kutuzov, Denis"]
[Result "0-1"]
[WhiteElo "2081"]
[BlackElo "2336"]
[WhiteFideId "24175471"]
[BlackFideId "4133617"]
[EventDate "2015.01.31"]

1. d4 b5 2. e4 a6 3. Bd3 Bb7 4. Nf3 Nf6 5. Qe2 e6 6. O-O d5 7. e5 Nfd7 8. c3 c5
9. Be3 c4 10. Bc2 Nc6 11. Ng5 g6 12. Qf3 Qe7 13. h4 h6 14. g3 Ndxe5 15. dxe5
Nxe5 16. Qf4 f6 17. Nf3 g5 18. hxg5 hxg5 19. Qxe5 fxe5 20. Bg6+ Kd7 21. Nxe5+
Kc7 22. Nf7 d4 23. Nxh8 dxe3 24. fxe3 Qc5 25. Kf2 Bd6 26. Nf7 Rg8 27. Bc2 Bxg3+
28. Ke2 Bg2 0-1